000 00812 a2200301 4500
001 106079
020 _a9780329528584
020 _a9781423102953
020 _a9781428740044
041 _apor
090 _aA SK [E] WIL
092 _a2006049621
100 _aWillems, Mo.
250 _a1st ed.
300 _a57 p.
490 _aWillems, Mo. Elephant & Piggie book
697 _aElephants - Fiction.
697 _aFriendship - Fiction.
697 _aReaders (Elementary)
697 _aPigs - Fiction.
697 _aCooperativeness - Fiction.
830 _aWillems, Mo. Elephant & Piggie book
856 _u00000c/00000cd4.jpg
040 _aBR-BrIDEA
_cBR-BrIDEA
245 1 0 _aToday I will fly!
_c Mo Willems
260 _aUnited States
_bHyperion Books for Children
_c2007
942 _cBK
999 _c106079
_d106079